Recopilación de leyes de los Reynos de las Indias. (Record n. 32213)

Dettagli MARC
000 -LEADER
fixed length control field 00968nam a2200241 i 4500
003 - CONTROL NUMBER IDENTIFIER
control field IT-RoINE
005 - DATE AND TIME OF LATEST TRANSACTION
control field 20191007104948.0
008 - FIXED-LENGTH DATA ELEMENTS--GENERAL INFORMATION
fixed length control field 001201m19981791sp |r 000|||spa|d
040 ## - CATALOGING SOURCE
Original cataloging agency USA.FVI
Modifying agency UPSA
-- IT-RoINE
Transcribing agency esslup IT-RoINE
110 1# - MAIN ENTRY--CORPORATE NAME
9 (RLIN) 16124
Corporate name or jurisdiction name as entry element España
245 10 - TITLE STATEMENT
Title Recopilación de leyes de los Reynos de las Indias.
250 ## - EDITION STATEMENT
Edition statement [Ed. facs.]
260 ## - PUBLICATION, DISTRIBUTION, ETC. (IMPRINT)
Place of publication, distribution, etc [Madrid] :
Name of publisher, distributor, etc Centro de Estudios Políticos y Constitucionales :
-- Boletín Oficial del Estado,
Date of publication, distribution, etc [1998]
300 ## - PHYSICAL DESCRIPTION
Extent 3 v. ;
Dimensions 27 cm.
336 ## - CONTENT TYPE
Source rdacontent
Content type term text
337 ## - MEDIA TYPE
Source rdamedia
Media type term unmediated
338 ## - CARRIER TYPE
Source rdacarrier
Carrier type term volume
500 ## - GENERAL NOTE
General note Original poseído por la Biblioteca de la Facultad de Derecho, Universidad Complutense, Madrid.
534 ## - ORIGINAL VERSION NOTE
Main entry of original Reprod. facs. de la ed. de: Madrid : por la Viuda de Joaquín Ibarra, 1791.
650 04 - SUBJECT ADDED ENTRY--TOPICAL TERM
Topical term or geographic name as entry element Derecho
Geographic subdivision España
Form subdivision Legislación
-- Codigos
9 (RLIN) 62309
651 #4 - SUBJECT ADDED ENTRY--GEOGRAPHIC NAME
Geographic name España
General subdivision Colonias
Geographic subdivision América
General subdivision Administración
-- Fuentes
9 (RLIN) 62567
942 ## - ADDED ENTRY ELEMENTS (KOHA)
Item type Monografías
Dati di copia
Withdrawn status Lost status Damaged status Not for loan Home library Current library Date acquired Total Checkouts Full call number Barcode Date last seen Price effective from Koha item type Public note
        Iglesia Nacional Española en Roma Iglesia Nacional Española en Roma 07/10/2019   FUE.DER 167.1 58946 07/10/2019 07/10/2019 Monografías T. 1
        Iglesia Nacional Española en Roma Iglesia Nacional Española en Roma 07/10/2019   FUE.DER 167.2 58947 07/10/2019 07/10/2019 Monografías T. 2
        Iglesia Nacional Española en Roma Iglesia Nacional Española en Roma 07/10/2019   FUE.DER 167.3 58948 07/10/2019 07/10/2019 Monografías T. 3